Stavebníctvo a trvalo udržateľný rozvoj

Bibliographic Details
Main Author: Ďurica, Tibor (Author)
Corporate Author: O ekológii vo vybraných aglomeráciách Jelšavy - Lubeníka a stredného Spiša (Author)
Format: Conference Proceeding Article
Language:Slovak
PhysicalDescription:Tab.
ISBN:8088985811
Subjects:

MARC

LEADER 00000nab a2200000 a 4500
001 vtls000861395
003 SK-MaSNL
005 20260303214814.0
008 161006c xo 0 slo
015 |a SNBRA2004/02-03763 
035 |a CLN000212990 
040 |a SNKBUCL  |b slo  |c SNKBUCL  |e AACR2 
041 0 |a slo 
044 |a xo  |c SK 
080 |a 69:504.06  |2 1997 
080 |a 504.06  |2 1997 
100 1 |a Ďurica, Tibor  |4 aut  |9 274174 
245 1 0 |a Stavebníctvo a trvalo udržateľný rozvoj  |c Tibor Ďurica 
300 |b Tab. 
504 |a Bibliogr. odkazy 
504 |a Res. angl. 
650 0 7 |a stavebníctvo  |x rozvoj trvalo udržateľný  |x suroviny druhotné  |2 snkbucl  |9 1250205 
650 0 7 |a trvalo udržateľný rozvoj  |2 snkbucl  |9 3353 
650 0 7 |a suroviny druhotné  |2 snkbucl  |9 882487 
655 7 |a články zo zborníkov  |2 snkbucl  |9 166140 
711 1 |a O ekológii vo vybraných aglomeráciách Jelšavy - Lubeníka a stredného Spiša  |n (11. :  |d 2002 :  |c Hrádok pri Jelšave, Slovensko)  |4 aut  |9 112354 
773 0 |z 8088985811  |t XI. medzinárodné sympózium s medzinárodnou účasťou O ekológii vo vybraných aglomeráciách Jelšavy-Lubeníka a stredného Spiša  |d Košice : [Univerzita veterinárskeho lekárstva], [2002]  |g S. 54-58 
850 |a Slovenská národná knižnica v Martine 
852 |a SNK  |b KIS3GCP 
958 |a NB 
999 |c 2218850  |d 2220780